|
|
|
|
| LEADER |
01668nam a2200337 a 4500 |
| 001 |
27774 |
| 003 |
BD-DhAAL |
| 005 |
20260106151440.0 |
| 008 |
131231s2013 at a b 001 0 eng |
| 010 |
|
|
|a 2011942164
|
| 020 |
|
|
|a 9781111969721
|
| 020 |
|
|
|a 1111969728
|
| 020 |
|
|
|a 9781111969714 (hbk.)
|
| 020 |
|
|
|a 111196971X (hbk.)
|
| 040 |
|
|
|a DLC
|c DLC
|d BD-DhAAL
|
| 050 |
0 |
0 |
|a HD31
|b .G763 2013
|
| 082 |
|
|
|2 22
|a 658
|
| 100 |
1 |
|
|a Griffin, Ricky W.
|9 3659
|
| 245 |
1 |
0 |
|a Management :
|b principles and practices /
|c Ricky W. Griffin
|
| 250 |
|
|
|a Eleventh edition.
|
| 260 |
|
|
|a Australia ;
|a Mason, OH :
|b South-Western Cengage Learning,
|c c2013.
|
| 300 |
|
|
|a xxvi, 702 pages :
|b col. ill. ;
|c 29 cm.
|
| 504 |
|
|
|a Includes bibliographical references and indexes.
|
| 541 |
|
|
|e 27774, 27775
|
| 650 |
|
0 |
|a Management.
|9 3660
|
| 942 |
|
|
|2 ddc
|c BK
|0 5
|
| 999 |
|
|
|c 14125
|d 14125
|
| 952 |
|
|
|0 0
|1 0
|2 ddc
|4 0
|6 658_000000000000000_GRI
|7 0
|9 23780
|a BRACUL
|b BRACUL
|c GEN
|d 2013-12-31
|e Trim Education
|g 5875.00
|l 48
|m 290
|o 658 GRI
|p 3010027774
|r 2026-04-09
|s 2026-04-09
|t 1
|w 2013-12-31
|y BK
|
| 952 |
|
|
|0 0
|1 0
|2 ddc
|4 0
|6 658_000000000000000_GRI
|7 0
|9 23781
|a BRACUL
|b BRACUL
|c GEN
|d 2013-12-31
|e Trim Education
|g 5875.00
|l 45
|m 284
|o 658 GRI
|p 3010027775
|r 2026-05-18
|s 2026-02-28
|t 2
|w 2013-12-31
|y BK
|
| 952 |
|
|
|0 0
|1 0
|2 ddc
|4 0
|6 658_000000000000000_GRI
|7 0
|9 54255
|a BRACUL
|b BRACUL
|c GEN
|d 2015-06-11
|e Karim International
|g 8050.00
|l 50
|m 384
|o 658 GRI
|p 3010029358
|r 2026-05-18
|s 2026-02-01
|t 3
|w 2015-06-11
|y BK
|
| 952 |
|
|
|0 0
|1 0
|2 ddc
|4 0
|6 658_000000000000000_GRI
|7 0
|9 54256
|a BRACUL
|b BRACUL
|c GEN
|d 2015-06-11
|e Karim International
|g 8050.00
|l 28
|m 213
|o 658 GRI
|p 3010029359
|q 2026-02-17
|r 2024-05-29
|s 2024-05-29
|t 4
|w 2015-06-11
|y BK
|